000 00810nam a2200229 a 4500
001 49547
003 BD-RjUL
005 20211209054707.0
008 160821s1969 BG |||| |||| 00|benbbend
020 _c: Tk. 3.50
035 _a(BD-RjUL)49666
040 _aBD-RjUL
_bben
_cBD-RjUL
041 _aben
082 _223
_a891.443
_bKHN 1969
100 1 _a খালেক, মুহম্মদ আবদুল
_9148000
245 1 0 _aনীড়ের পাখী /
_cমুহম্মদ আবদুল খালেক
260 _aঢাকা :
_bশিরীন পাবলিকেশনন্স,
_c১৯৬৯
300 _a[৪], ১৭৬ পৃ. ;
_b২১ সেমি.
650 _aবাংলা উপন্যাস
_9148001
650 _aBengali Fiction
_9148002
942 _2ddc
_cBK
999 _c49547
_d49547